Szczegóły MARC21

"The interpretation of the time" : the dramaturgy of Shakespeare's Roman plays /

003 -Nazwa inst., której nr kontr. jest w polu 001 [,]
    • @
    • Nazwa instytucji, której n kontrolny jest w polu 001
    • NUKAT
005 -DATA I CZAS OSTATNIEJ MODYFIKACJI [,]
    • @
    • pole kontrolne
    • 20241231085630.0
020 -Międzynarod. znormalizowany nr książki - ISBN [ , ]
    • a
    • Numer ISBN
    • 8370166520 Find
040 -Instytucja sporządzająca opis [ , ]
    • a
    • Instytucja, która sporządziła opis (NP)
    • Ł U/BIA
    • b
    • Język katalogowania
    • pol
    • e
    • Zasady katalogowania
    • rda
    • c
    • Instytucja, która sporządziła rekord (NP)
    • Ł U/BIA
    • d
    • Instytucja, która zmodyfikowała rekord (P)
    • Ł U/AS
    • d
    • Instytucja, która zmodyfikowała rekord (P)
    • Ł U/RRs
    • d
    • Instytucja, która zmodyfikowała rekord (P)
    • SZCZ U/JS
942 -Rodzaj dokumentu [ , ]
    • c
    • Rodzaj dokumentu
    • Książka
100 -Hasło główne - nazwa osobowa [1, ]
    • a
    • Nazwa osobowa (NP)
    • Kujawińska-Courtney, Krystyna
    • d
    • Daty biograficzne (NP)
    • (1953- ).
    • e
    • Rodzaj współpracy
    • Autor
    • 9
    • KHW
    • 17893
245 -Strefa tytułu i oznaczenia odpowiedzialności [1,5]
    • a
    • Tytuł
    • "The interpretation of the time" : Find
    • b
    • Ciąg dalszy tytułu (NP)
    • the dramaturgy of Shakespeare's Roman plays / Find
    • c
    • Pozostałe elementy strefy tytułu i oznaczenia odpowiedzialności (NP)
    • Krystyna Kujawińska-Courtney.
246 -Wariant tytułu [3,0]
    • a
    • Tytuł (NP)
    • Interpretation of the time
260 -Strefa adresu wydawniczego [ , ]
    • a
    • Miejsce wydania (P)
    • Łódź :
    • b
    • Nazwa wydawcy (P)
    • Wydawnictwo Uniwersytetu Łódzkiego,
    • c
    • Data wydania (P)
    • 1992.
300 -Strefa opisu fizycznego [ , ]
    • a
    • Określenie formy książki i/lub objętość (NP)
    • 177 stron ;
    • c
    • Format (NP)
    • 24 cm.
336 -Typ zawartości [ , ]
    • a
    • Termin opisujący typ zawartości
    • Tekst
    • b
    • Kod określający zawartość
    • txt
    • 2
    • Źródło (terminu i kodu)
    • rdacontent
337 -Typ mediów [ , ]
    • a
    • Tryb odtwarzania
    • Bez urządzenia pośredniczącego
    • b
    • Kod typu mediów
    • n
    • 2
    • Źródło (terminu i kodu)
    • rdamedia
338 -Typ/rodzaj nośnika [ , ]
    • a
    • Hasło opisujące typ nośnika
    • Wolumin
    • b
    • Kod typu nośnika
    • nc
    • 2
    • Źródło (terminu i kodu)
    • rdacarrier
490 -Strefa serii i książki wielotomowej - forma nie do wyszukiwania [1, ]
    • a
    • Tytuł (P)
    • Acta Universitatis Lodziensis Find
830 -Hasło dodatkowe serii i opisu książki wielotomowej - tytuł ujednolicony/tytuł [ ,0]
    • a
    • Tytuł ujednolicony/tytuł (NP)
    • Acta Universitatis Lodziensis
    • 9
    • KHW
    • 57028
502 -Uwaga dot. dysertacji [ , ]
    • a
    • Uwaga dot. dysertacji
    • Praca habilitacyjna. Uniwersytet Łódzki, 1991.
600 -Hasło przedmiotowe w formie nazwy osobowej [1,7]
    • a
    • Nazwa osobowa
    • Shakespeare, William
    • d
    • Daty związane z nazwą
    • (1564-1616).
    • t
    • Tytuł
    • Antony and Cleopatra
    • 2
    • Źródło terminu
    • kaba
    • 9
    • KHW
    • 324985
600 -Hasło przedmiotowe w formie nazwy osobowej [1,7]
    • a
    • Nazwa osobowa
    • Shakespeare, William
    • d
    • Daty związane z nazwą
    • (1564-1616).
    • t
    • Tytuł
    • Coriolanus
    • 2
    • Źródło terminu
    • kaba
    • 9
    • KHW
    • 324907
600 -Hasło przedmiotowe w formie nazwy osobowej [1,7]
    • a
    • Nazwa osobowa
    • Shakespeare, William
    • d
    • Daty związane z nazwą
    • (1564-1616).
    • t
    • Tytuł
    • Julius Caesar
    • 2
    • Źródło terminu
    • kaba
    • 9
    • KHW
    • 323105
710 -Hasło dodatkowe - nazwa ciała zbiorowego [2, ]
    • a
    • Nazwa ciała zbiorowego lub nazwa geograficzna jako pierwszy element (NP)
    • Uniwersytet Łódzki.
    • b
    • Nazwa jednostki podrzędnej (P)
    • Wydawnictwo.
    • e
    • Rodzaj współpracy
    • Wydawca
    • 4
    • Kod relacji
    • pbl
    • 9
    • KHW
    • 52189
920 -ISBN [ , ]
    • a
    • ISBN
    • 83-7016-652-0 Find
Sygnatura Data inwentaryzacji Lokalizacja Numer inwentarzowy Status udost.
ANG. Shakespeare 181999-03-10BMJO.15191